[Event "I Festival A"]
[Site "Lido degli Estensi - Comacchio ITA"]
[Date "2000.05.27"]
[Round "1"]
[White "Aglietti, Graziano"]
[Black "Ortega, Lexy"]
[Result "0-1"]
[WhiteElo "2051"]
[BlackElo "2479"]
[PlyCount "40"]
[EventDate "2000.05.27"]

1. e4 c5 2. c3 d5 3. exd5 Qxd5 4. d4 Nf6 5. Nf3 Bg4 6. Be2 e6 7. h3 Bh5 8. O-O
Nc6 9. Na3 cxd4 10. Nb5 O-O-O 11. Qa4 d3 12. Rd1 a6 13. Na3 dxe2 14. Rxd5 Rxd5
15. Be3 Bxf3 16. gxf3 Bxa3 17. bxa3 Rhd8 18. Bd4 e5 19. Rc1 exd4 20. cxd4 Rxd4
0-1

[Event "I Festival A"]
[Site "Lido degli Estensi - Comacchio ITA"]
[Date "2000.05.27"]
[Round "1"]
[White "Aleksic, Nenad"]
[Black "Diotallevi, Maurizio"]
[Result "1-0"]
[WhiteElo "2405"]
[BlackElo "1921"]
[PlyCount "89"]
[EventDate "2000.05.27"]

1. e4 e6 2. Nf3 d5 3. Nc3 Nf6 4. e5 Nfd7 5. d4 c5 6. dxc5 Nc6 7. Bf4 Bxc5 8.
Bd3 f6 9. exf6 Nxf6 10. O-O O-O 11. Ne5 Nxe5 12. Bxe5 Bd7 13. Qe2 a6 14. Rae1
Qe8 15. a3 Qh5 16. Qxh5 Nxh5 17. Ne2 g6 18. g3 Rae8 19. Kg2 Rf7 20. h3 Bf8 21.
Nd4 Bg7 22. f4 Bf6 23. Re3 Ng7 24. Rfe1 Nf5 25. Bxf5 exf5 26. Bxf6 Rxe3 27.
Rxe3 Rxf6 28. Re5 Bc6 29. Kf2 Kf7 30. Ke3 h6 31. h4 h5 32. c3 Rd6 33. Nf3 b6
34. Kd4 a5 35. b3 Bb7 36. Ng5+ Kf6 37. Re8 Ba6 38. Rf8+ Ke7 39. Rf7+ Ke8 40.
Rc7 a4 41. bxa4 Bc4 42. Nf7 Re6 43. Ne5 b5 44. axb5 Bxb5 45. Kxd5 1-0

[Event "I Festival A"]
[Site "Lido degli Estensi - Comacchio ITA"]
[Date "2000.05.27"]
[Round "1"]
[White "Dell'Accio, Cataldo"]
[Black "Djuric, Stefan"]
[Result "0-1"]
[WhiteElo "2101"]
[BlackElo "2491"]
[PlyCount "34"]
[EventDate "2000.05.27"]

1. g3 e5 2. Bg2 d5 3. d4 exd4 4. Qxd4 Nf6 5. Bg5 Be7 6. Nc3 Be6 7. O-O-O c6 8.
e4 O-O 9. exd5 cxd5 10. Nxd5 Nxd5 11. Bxe7 Qxe7 12. Bxd5 Nc6 13. Qe3 Bxd5 14.
Rxd5 Qc7 15. Nf3 Rae8 16. Qc3 Qb6 17. Nd4 Nb4 0-1

[Event "I Festival A"]
[Site "Lido degli Estensi - Comacchio ITA"]
[Date "2000.05.27"]
[Round "1"]
[White "Frank, Albert"]
[Black "Dragojlovic, Andjelko"]
[Result "1/2-1/2"]
[WhiteElo "2029"]
[BlackElo "2437"]
[PlyCount "86"]
[EventDate "2000.05.27"]

1. c4 Nf6 2. g3 g6 3. Bg2 d5 4. cxd5 Nxd5 5. Nc3 Nxc3 6. dxc3 Qxd1+ 7. Kxd1 c6
8. Nf3 f6 9. e4 e5 10. Be3 Be6 11. Nd2 Nd7 12. Kc2 Bc5 13. Rhe1 O-O-O 14. Bf1
h5 15. Bxc5 Nxc5 16. b4 Na4 17. h4 Rd7 18. Re3 Kc7 19. Rd3 Rf7 20. c4 b5 21.
cxb5 cxb5 22. Rc1 Kb7 23. Kb1 Rd7 24. Nb3 Rc7 25. Nc5+ Nxc5 26. bxc5 Bc4 27.
Rd6 Bxf1 28. Rxf1 Rc6 29. Rd7+ Ka6 30. Rc1 Rhc8 31. Rf7 Rd8 32. Rc3 b4 33. Rf3
Kb5 34. R3xf6 a5 35. Rb7+ Kxc5 36. Rxc6+ Kxc6 37. Re7 a4 38. Rxe5 Rd2 39. f4 a3
40. Rg5 Rb2+ 41. Ka1 Re2 42. Kb1 Rb2+ 43. Ka1 Re2 1/2-1/2

[Event "I Festival A"]
[Site "Lido degli Estensi - Comacchio ITA"]
[Date "2000.05.27"]
[Round "1"]
[White "Marchini, Massimo"]
[Black "Efimov, Igor"]
[Result "0-1"]
[WhiteElo "2187"]
[BlackElo "2537"]
[PlyCount "78"]
[EventDate "2000.05.27"]

1. d4 Nf6 2. Nf3 e6 3. c4 c5 4. g3 cxd4 5. Nxd4 Bb4+ 6. Bd2 Bc5 7. Nb3 Be7 8.
Bg2 O-O 9. O-O Nc6 10. Nc3 d6 11. Rc1 a6 12. Bf4 Nh5 13. Bd2 Bd7 14. e4 g6 15.
Be3 Ne5 16. c5 Nc4 17. cxd6 Nxd6 18. Nc5 Bc6 19. Qb3 Qa5 20. Rfd1 Ng7 21. Nd3
Nc8 22. f4 f6 23. a3 Nd6 24. Bb6 Qh5 25. Nb4 Be8 26. Nbd5 Bd8 27. Nxf6+ Bxf6
28. Rxd6 g5 29. Be3 gxf4 30. gxf4 Kh8 31. e5 Nf5 32. Ne4 Bg7 33. Rd2 Ba4 34.
Qxa4 Nxe3 35. Ng3 Qh4 36. Bxb7 Rab8 37. Rc7 Bxe5 38. Rcd7 Bxf4 39. R2d4 Bxg3
0-1

[Event "I Festival A"]
[Site "Lido degli Estensi - Comacchio ITA"]
[Date "2000.05.27"]
[Round "1"]
[White "Martinovic, Slobodan"]
[Black "Pienabarca, Nicola"]
[Result "1-0"]
[WhiteElo "2448"]
[BlackElo "2030"]
[PlyCount "69"]
[EventDate "2000.05.27"]

1. Nf3 Nf6 2. g3 g6 3. b3 Bg7 4. Bb2 O-O 5. Bg2 c5 6. c4 Nc6 7. O-O d6 8. d4
cxd4 9. Nxd4 Bd7 10. Nc2 Rb8 11. Nc3 a6 12. a4 Na5 13. Ne3 b5 14. axb5 axb5 15.
cxb5 Bxb5 16. Nxb5 Rxb5 17. b4 Nb7 18. Qa4 Qd7 19. Rab1 Rb8 20. Bxf6 exf6 21.
Nd5 Nd8 22. Nc3 R5b7 23. Bxb7 Qxb7 24. Rfd1 f5 25. Qe8+ Bf8 26. Qe3 Ne6 27. Nd5
Bg7 28. b5 g5 29. b6 f4 30. Qe4 Be5 31. e3 Kh8 32. Rb4 Qd7 33. Qf5 f6 34. exf4
gxf4 35. Nxf4 1-0

[Event "I Festival A"]
[Site "Lido degli Estensi - Comacchio ITA"]
[Date "2000.05.27"]
[Round "1"]
[White "Mauro, Alan"]
[Black "Ruzza, Claudio"]
[Result "1/2-1/2"]
[WhiteElo "2231"]
[BlackElo "1911"]
[PlyCount "97"]
[EventDate "2000.05.27"]

1. e4 g6 2. d4 Bg7 3. Nc3 c6 4. Nf3 d6 5. h3 Nd7 6. Be2 e5 7. O-O Ngf6 8. Bg5
h6 9. Be3 O-O 10. Qd2 Kh7 11. Rfd1 Qe7 12. dxe5 dxe5 13. Qd6 Re8 14. Qxe7 Rxe7
15. b4 b6 16. Nd2 Bb7 17. f3 Nf8 18. Nc4 Ba6 19. a4 Bxc4 20. Bxc4 Ne6 21. Bxe6
Rxe6 22. Rd3 Bf8 23. b5 Rc8 24. Rad1 Bb4 25. Na2 Be7 26. Rc3 Rc7 27. Rc4 Nd7
28. bxc6 Nb8 29. Nc3 Rexc6 30. Rxc6 Rxc6 31. Nd5 Bc5 32. Kf2 Kg7 33. Ke2 Bxe3
34. Nxe3 Rc5 35. Rd5 Rxd5 36. Nxd5 Nd7 37. Nc3 Nc5 38. Nb5 a6 39. Nc7 a5 40.
Nd5 Nxa4 41. Kd3 Nc5+ 42. Kc4 Nd7 43. Kb5 Kf8 44. g4 Ke8 45. h4 Kd8 46. h5 Ke8
47. Ka4 Nc5+ 48. Kb5 Nd7 49. Ka4 1/2-1/2

[Event "I Festival A"]
[Site "Lido degli Estensi - Comacchio ITA"]
[Date "2000.05.27"]
[Round "1"]
[White "Renier, Renzo"]
[Black "Genocchio, Daniele"]
[Result "0-1"]
[WhiteElo "1917"]
[BlackElo "2245"]
[PlyCount "54"]
[EventDate "2000.05.27"]

1. e4 c5 2. Nf3 e6 3. d4 cxd4 4. Nxd4 Nf6 5. Nc3 d6 6. Bc4 Be7 7. Be3 Nc6 8.
Qe2 Bd7 9. O-O-O Qa5 10. Ndb5 Ne5 11. Bb3 Nxe4 12. f4 Nxc3 13. Nxc3 Nc6 14. Nb5
d5 15. f5 O-O 16. g4 Nb4 17. Nc3 Bf6 18. Bd4 e5 19. Be3 d4 20. g5 Bd8 21. Rhf1
Rc8 22. Qh5 Bxf5 23. Rxf5 g6 24. Qh6 Rxc3 25. Rxe5 Qxe5 26. Bxd4 Bxg5+ 27. Kb1
Bxh6 0-1

[Event "I Festival A"]
[Site "Lido degli Estensi - Comacchio ITA"]
[Date "2000.05.27"]
[Round "1"]
[White "Ristic, Nenad"]
[Black "Bondielli, Giorgio"]
[Result "1/2-1/2"]
[WhiteElo "2435"]
[BlackElo "1747"]
[PlyCount "152"]
[EventDate "2000.05.27"]

1. e4 e5 2. Nf3 Nf6 3. Nxe5 d6 4. Nf3 Nxe4 5. d4 d5 6. Bd3 Bd6 7. O-O O-O 8. c4
c6 9. Re1 Bf5 10. Nc3 Nxc3 11. bxc3 Bxd3 12. Qxd3 dxc4 13. Qxc4 Nd7 14. Rb1 Qc7
15. Qd3 Rae8 16. Be3 b6 17. c4 Bf4 18. g3 Bxe3 19. Rxe3 Rxe3 20. Qxe3 Nf6 21.
Re1 Qb8 22. Qa3 a5 23. Re7 Qd8 24. Rb7 Re8 25. Kg2 h6 26. h3 Re2 27. Kf1 Re4
28. g4 Rf4 29. Qb3 Nd7 30. Kg2 Qc8 31. Ra7 Qe8 32. c5 bxc5 33. dxc5 Nxc5 34.
Qa3 Qe4 35. Ra8+ Kh7 36. Rd8 Ne6 37. Re8 a4 38. Kg3 Rf6 39. Qe3 Qxe3 40. fxe3
Ng5 41. Nxg5+ hxg5 42. Ra8 Re6 43. Kf3 Rf6+ 44. Ke4 Re6+ 45. Kd3 Rd6+ 46. Kc4
Re6 47. Kd4 Rd6+ 48. Kc3 Re6 49. Kd3 Rd6+ 50. Ke2 Rh6 51. Rxa4 Rxh3 52. Kd3 Rh4
53. Rc4 Rh2 54. Rc2 Rh4 55. Rc4 Rh2 56. a4 Ra2 57. Kc3 Ra3+ 58. Kd4 c5+ 59.
Kxc5 Rxe3 60. a5 g6 61. a6 f5 62. a7 Ra3 63. Kb6 fxg4 64. Rxg4 Kh6 65. Rg3 Ra2
66. Rh3+ Kg7 67. Rh2 Ra1 68. Rh1 Ra2 69. Rc1 Rb2+ 70. Kc7 Ra2 71. Kb7 Rb2+ 72.
Kc8 Ra2 73. Rc7+ Kh6 74. Kb8 g4 75. Rc2 Ra1 76. Rc1 Ra2 1/2-1/2

[Event "I Festival A"]
[Site "Lido degli Estensi - Comacchio ITA"]
[Date "2000.05.27"]
[Round "1"]
[White "Straub, Peter"]
[Black "Naumkin, Igor"]
[Result "0-1"]
[WhiteElo "2126"]
[BlackElo "2498"]
[PlyCount "67"]
[EventDate "2000.05.27"]

1. d4 e6 2. Nf3 f5 3. c4 Nf6 4. Bg5 Bb4+ 5. Nc3 Bxc3+ 6. bxc3 O-O 7. e3 d6 8.
Be2 Qe8 9. Bxf6 Rxf6 10. Qb3 Kh8 11. O-O-O Nc6 12. Ng5 h6 13. h4 b6 14. d5 Na5
15. Qb4 e5 16. Rd2 Kg8 17. Nf3 Ba6 18. Rhd1 Rc8 19. Kb1 Nb7 20. Qa3 Nc5 21. Rb2
c6 22. Ne1 cxd5 23. cxd5 Bxe2 24. Rxe2 Rf7 25. Rc1 Qb5+ 26. Rb2 Qc4 27. Rb4
Qxd5 28. f3 Rfc7 29. g4 fxg4 30. Rxg4 e4 31. c4 Qe6 32. Rf4 exf3 33. Nxf3 Re8
34. Re1 0-1

[Event "I Festival A"]
[Site "Lido degli Estensi - Comacchio ITA"]
[Date "2000.05.28"]
[Round "2"]
[White "Bondielli, Giorgio"]
[Black "Mauro, Alan"]
[Result "0-1"]
[WhiteElo "1747"]
[BlackElo "2231"]
[PlyCount "90"]
[EventDate "2000.05.27"]

1. e4 c5 2. d4 cxd4 3. c3 d3 4. Bxd3 Nc6 5. c4 d6 6. Nf3 g6 7. h3 Bg7 8. O-O
Nf6 9. Nc3 O-O 10. Qe2 Nd7 11. Bg5 Nc5 12. Rad1 Ne6 13. Be3 b6 14. Nd5 Ned4 15.
Nxd4 Nxd4 16. Qd2 Bb7 17. Bh6 e5 18. Bxg7 Kxg7 19. f4 Bxd5 20. exd5 f5 21. Rde1
Qf6 22. fxe5 dxe5 23. Re3 Rae8 24. Be4 Qd6 25. Bf3 Qc5 26. b4 Qxc4 27. Rc3 Qb5
28. Rc7+ Rf7 29. Rxf7+ Kxf7 30. Qh6 Kg8 31. Rc1 Qd7 32. Bd1 Rc8 33. Rxc8+ Qxc8
34. Qe3 Qc7 35. g4 f4 36. Qd3 Kf7 37. h4 Qc1 38. g5 Qe3+ 39. Qxe3 fxe3 40. Bg4
Ke7 41. Bc8 Kd6 42. Bb7 Nf3+ 43. Kf1 Nxh4 44. Ke2 Nf5 45. Kf3 Ne7 0-1

[Event "I Festival A"]
[Site "Lido degli Estensi - Comacchio ITA"]
[Date "2000.05.28"]
[Round "2"]
[White "Diotallevi, Maurizio"]
[Black "Dell'Accio, Cataldo"]
[Result "0-1"]
[WhiteElo "1921"]
[BlackElo "2101"]
[PlyCount "90"]
[EventDate "2000.05.27"]

1. d4 g6 2. Nf3 Bg7 3. c4 Nc6 4. Nc3 d6 5. h3 e5 6. d5 Nce7 7. e4 f5 8. Bd3 Nf6
9. O-O h6 10. Rb1 O-O 11. b4 f4 12. Nh2 Rf7 13. Be2 h5 14. c5 Bf8 15. cxd6 cxd6
16. Bd2 Rh7 17. Be1 g5 18. f3 Ng6 19. Bf2 Nh4 20. Bxh4 gxh4 21. Qd3 Rg7 22. Kh1
Qe8 23. Bd1 Be7 24. Ba4 Qg6 25. Qe2 Bd8 26. Rfc1 Bb6 27. Qf1 Be3 28. Rc2 a6 29.
Nd1 Bd4 30. Nf2 b5 31. Bb3 Bd7 32. Rd1 Bb6 33. Nd3 Kh8 34. Nc5 dxc5 35. bxc5
Ba7 36. c6 Bxh3 37. gxh3 Rag8 38. Ng4 hxg4 39. c7 Nxe4 40. c8=Q Ng3+ 41. Kg2
Nxf1 42. Kxf1 gxf3 43. Qg4 Qxg4 44. hxg4 Rxg4 45. Ke1 Be3 0-1

[Event "I Festival A"]
[Site "Lido degli Estensi - Comacchio ITA"]
[Date "2000.05.28"]
[Round "2"]
[White "Genocchio, Daniele"]
[Black "Davies, Nigel R."]
[Result "1-0"]
[WhiteElo "2245"]
[BlackElo "2497"]
[PlyCount "79"]
[EventDate "2000.05.27"]

1. e4 g6 2. h4 d5 3. exd5 Nf6 4. Nc3 Bg7 5. Bb5+ Nbd7 6. h5 Nxh5 7. Rxh5 gxh5
8. Qxh5 a6 9. Be2 Nf6 10. Qh4 Bf5 11. Qg5 Bg6 12. d4 Rg8 13. Bf3 Qd7 14. Bf4
Bh8 15. Qe5 O-O-O 16. Qe2 Qf5 17. g3 Kb8 18. O-O-O Rge8 19. Rd2 Bh5 20. Qe5
Qxe5 21. dxe5 Bxf3 22. Nxf3 Nh5 23. Bh6 Rg8 24. Ne4 f6 25. e6 f5 26. Neg5 Nf6
27. c4 Rc8 28. Nh4 c6 29. d6 exd6 30. Nxf5 Ng4 31. Nf7 Nxh6 32. N5xh6 Rg6 33.
Rxd6 Bg7 34. Nf5 Re8 35. e7 Kc7 36. Rxg6 hxg6 37. Nxg7 Rxe7 38. Ng5 Re2 39.
N7e6+ Kd6 40. Nf4 1-0

[Event "I Festival A"]
[Site "Lido degli Estensi - Comacchio ITA"]
[Date "2000.05.28"]
[Round "2"]
[White "Insabato, Giovanbattista"]
[Black "Aglietti, Graziano"]
[Result "1-0"]
[WhiteElo "2175"]
[BlackElo "2051"]
[PlyCount "39"]
[EventDate "2000.05.27"]

1. d4 Nf6 2. c4 g6 3. Nc3 d5 4. cxd5 Nxd5 5. e4 Nxc3 6. bxc3 c5 7. Nf3 Bg7 8.
Rb1 O-O 9. Be2 Nc6 10. d5 Ne5 11. Nxe5 Bxe5 12. Qd2 Qa5 13. Rb3 Bd7 14. c4 Qc7
15. Bb2 Rfb8 16. h4 h5 17. g4 Bxb2 18. Qxb2 Qf4 19. gxh5 Qxe4 20. Rg1 1-0

[Event "I Festival A"]
[Site "Lido degli Estensi - Comacchio ITA"]
[Date "2000.05.28"]
[Round "2"]
[White "Pienabarca, Nicola"]
[Black "Straub, Peter"]
[Result "0-1"]
[WhiteElo "2030"]
[BlackElo "2126"]
[PlyCount "60"]
[EventDate "2000.05.27"]

1. d4 Nf6 2. c4 e6 3. Nc3 Bb4 4. Qc2 c5 5. dxc5 Na6 6. a3 Bxc3+ 7. Qxc3 Nxc5 8.
f3 a5 9. e4 d6 10. Bg5 e5 11. Rd1 a4 12. Qd2 Ra6 13. Ne2 h6 14. Bh4 Nfxe4 15.
Bxd8 Nxd2 16. Rxd2 Kxd8 17. Nc3 Be6 18. Be2 Nb3 19. Rd1 Nc5 20. O-O Ke7 21. f4
f6 22. Rd2 Nb3 23. Nd5+ Bxd5 24. Rxd5 Nd4 25. Bd3 Rc6 26. Ra5 Ne6 27. fxe5 dxe5
28. Be4 Rxc4 29. Bxb7 Rb8 30. Ra7 Rc7 0-1

[Event "I Festival A"]
[Site "Lido degli Estensi - Comacchio ITA"]
[Date "2000.05.28"]
[Round "2"]
[White "Ricci, Alfredo"]
[Black "Marchini, Massimo"]
[Result "0-1"]
[WhiteElo "2093"]
[BlackElo "2187"]
[PlyCount "112"]
[EventDate "2000.05.27"]

1. e4 c5 2. Nf3 d6 3. d4 Nf6 4. Bb5+ Bd7 5. Bxd7+ Qxd7 6. Qe2 cxd4 7. Nxd4 Nc6
8. Nf5 e6 9. Ng3 Rc8 10. c3 Be7 11. O-O O-O 12. Rd1 Qc7 13. c4 a6 14. b3 Rfe8
15. Bb2 d5 16. Nd2 d4 17. e5 Nxe5 18. Bxd4 Nc6 19. Bc3 Qf4 20. Nde4 Nxe4 21.
Qxe4 Qxe4 22. Nxe4 Red8 23. g4 f5 24. gxf5 exf5 25. Ng3 g6 26. Ne2 g5 27. Nd4
Nxd4 28. Bxd4 Kf7 29. Kg2 Rc6 30. Be5 Ke6 31. Rxd8 Bxd8 32. Re1 Kf7 33. Rd1 Re6
34. f4 gxf4 35. Bxf4 Bf6 36. Rd7+ Re7 37. Rxe7+ Kxe7 38. Kf3 Ke6 39. Bd2 Bd4
40. a4 Bf6 41. h3 Bd4 42. b4 Be5 43. Be3 Bc3 44. b5 Be5 45. Bc5 Bc3 46. Kf4
Bd2+ 47. Be3 Bc3 48. Kg5 Ke5 49. c5 axb5 50. axb5 Ke4 51. Bf4 h6+ 52. Kxh6 Kxf4
53. Kg6 Ke4 54. c6 bxc6 55. bxc6 Be5 56. h4 f4 0-1

[Event "I Festival A"]
[Site "Lido degli Estensi - Comacchio ITA"]
[Date "2000.05.28"]
[Round "2"]
[White "Ruzza, Claudio"]
[Black "Ristic, Nenad"]
[Result "0-1"]
[WhiteElo "1911"]
[BlackElo "2435"]
[PlyCount "60"]
[EventDate "2000.05.27"]

1. d4 Nf6 2. Bf4 g6 3. e3 Bg7 4. Nf3 O-O 5. Be2 d6 6. h3 c5 7. c3 cxd4 8. exd4
Nc6 9. O-O Nd5 10. Bd2 e5 11. c4 Nf4 12. dxe5 Nxe2+ 13. Qxe2 dxe5 14. Nc3 Be6
15. Rad1 Nd4 16. Nxd4 exd4 17. Nd5 Bxd5 18. cxd5 Qxd5 19. b3 Rfe8 20. Qd3 Rac8
21. Rc1 h5 22. Rxc8 Rxc8 23. Rc1 Rxc1+ 24. Bxc1 Qa5 25. Qd2 Qf5 26. Kf1 Kh7 27.
f3 Qb5+ 28. Ke1 d3 29. Kd1 Qc5 30. Qxd3 Qg1+ 0-1

[Event "I Festival A"]
[Site "Lido degli Estensi - Comacchio ITA"]
[Date "2000.05.28"]
[Round "2"]
[White "Wagman, Stuart"]
[Black "Frank, Albert"]
[Result "1/2-1/2"]
[WhiteElo "2188"]
[BlackElo "2029"]
[PlyCount "60"]
[EventDate "2000.05.27"]

1. e4 b6 2. d4 e6 3. Nf3 Bb7 4. Bd3 d6 5. O-O Nd7 6. Re1 g6 7. Nbd2 Bg7 8. Nf1
Ne7 9. c3 a6 10. Ng3 h6 11. h4 e5 12. h5 g5 13. Bc2 Bf6 14. d5 Bc8 15. Nh2 Bg7
16. Ng4 O-O 17. Ne3 Nf6 18. Qe2 Bd7 19. Bd3 Qc8 20. Rd1 Ne8 21. f3 Bh8 22. Ng4
Bg7 23. Be3 Nf6 24. Nxf6+ Bxf6 25. Nf1 Qb7 26. g4 Rfb8 27. Bf2 Nc8 28. Ne3 Bd8
29. Nf5 Kh7 30. Kh2 Ne7 1/2-1/2

[Event "I Festival A"]
[Site "Lido degli Estensi - Comacchio ITA"]
[Date "2000.05.29"]
[Round "3"]
[White "Aglietti, Graziano"]
[Black "Pienabarca, Nicola"]
[Result "0-1"]
[WhiteElo "2051"]
[BlackElo "2030"]
[PlyCount "78"]
[EventDate "2000.05.27"]

1. e4 e6 2. d4 d5 3. e5 c5 4. c3 Qb6 5. Nf3 Bd7 6. Bd3 cxd4 7. cxd4 Nc6 8. O-O
Nxd4 9. Nxd4 Qxd4 10. Nc3 a6 11. Qe2 Ne7 12. Kh1 Nc6 13. f4 Nb4 14. Rd1 Nxd3
15. Rxd3 Qb6 16. f5 d4 17. Qf2 exf5 18. Nd5 Qc6 19. Qxd4 Bc5 20. Qh4 Be6 21.
Nf4 Be7 22. Qg3 g6 23. Be3 O-O 24. Nh5 Bd5 25. Bg5 Bxg2+ 26. Kg1 Bc5+ 27. Re3
Qf3 28. Nf6+ Kh8 29. Rae1 Qxg3 30. hxg3 Bc6 31. Kh2 Bxe3 32. Rxe3 Kg7 33. g4
fxg4 34. Nxg4 Rfe8 35. Nf6 Re6 36. Rh3 h5 37. Re3 Rd8 38. Rb3 Rd2+ 39. Kh3 Rxe5
0-1

[Event "I Festival A"]
[Site "Lido degli Estensi - Comacchio ITA"]
[Date "2000.05.29"]
[Round "3"]
[White "Dell'Accio, Cataldo"]
[Black "Bondielli, Giorgio"]
[Result "1-0"]
[WhiteElo "2101"]
[BlackElo "1747"]
[PlyCount "57"]
[EventDate "2000.05.27"]

1. Nf3 Nf6 2. e3 g6 3. d4 Bg7 4. c4 c5 5. Nc3 O-O 6. Be2 cxd4 7. Nxd4 Nc6 8.
O-O b6 9. Nxc6 dxc6 10. Bf3 Bb7 11. Qc2 Qc7 12. b3 Rad8 13. Bb2 Nd7 14. Rad1
Ne5 15. Be2 e6 16. f4 Nd7 17. Ne4 f6 18. c5 Nxc5 19. Nxc5 bxc5 20. Bc4 Bc8 21.
f5 Rxd1 22. Rxd1 Kf7 23. Bxe6+ Bxe6 24. fxe6+ Kxe6 25. Qc4+ Ke7 26. Qxc5+ Ke8
27. Rd6 Qb6 28. Re6+ Kf7 29. Qc4 1-0

[Event "I Festival A"]
[Site "Lido degli Estensi - Comacchio ITA"]
[Date "2000.05.29"]
[Round "3"]
[White "Frank, Albert"]
[Black "Insabato, Giovanbattista"]
[Result "1/2-1/2"]
[WhiteElo "2029"]
[BlackElo "2175"]
[PlyCount "129"]
[EventDate "2000.05.27"]

1. c4 Nf6 2. g3 g6 3. b3 Bg7 4. Bb2 O-O 5. Bg2 d6 6. d3 e5 7. e3 Nc6 8. Nc3 Bf5
9. Nge2 Qd7 10. O-O Bh3 11. Nd5 Nxd5 12. cxd5 Bxg2 13. Kxg2 Ne7 14. e4 f5 15.
f3 c6 16. dxc6 bxc6 17. Qc2 d5 18. Rad1 Qe6 19. Ba3 Rfd8 20. Nc3 Bf8 21. Na4
Qf6 22. Nc5 Rab8 23. Bb2 d4 24. Qc4+ Qf7 25. Qe6 Rb5 26. Qxf7+ Kxf7 27. Rc1 Rc8
28. Rc4 Nd5 29. exd5 cxd5 30. Ra4 Bxc5 31. Rc1 Rcb8 32. f4 e4 33. Bxd4 Bxd4 34.
Rc7+ Ke6 35. Rxd4 Ra5 36. Rc6+ Kd7 37. Rc2 Kd6 38. b4 Rab5 39. a3 a5 40. bxa5
Rxa5 41. a4 Rb1 42. Kf2 exd3 43. Rxd3 Rxa4 44. Rcd2 Rb5 45. Kf3 Rab4 46. g4 Rb3
47. gxf5 Rxd3+ 48. Rxd3 gxf5 49. Ra3 d4 50. Ra6+ Kd5 51. Rh6 Rb3+ 52. Ke2 Ke4
53. Rxh7 Rb2+ 54. Kd1 Kxf4 55. h4 Ke3 56. h5 f4 57. h6 f3 58. Re7+ Kd3 59. Ke1
Rh2 60. h7 f2+ 61. Kf1 Kc2 62. Rc7+ Kd2 63. Rf7 Kc3 64. Rc7+ Kd2 65. Rf7
1/2-1/2

[Event "I Festival A"]
[Site "Lido degli Estensi - Comacchio ITA"]
[Date "2000.05.29"]
[Round "3"]
[White "Genocchio, Daniele"]
[Black "Naumkin, Igor"]
[Result "0-1"]
[WhiteElo "2245"]
[BlackElo "2498"]
[PlyCount "62"]
[EventDate "2000.05.27"]

1. e4 e6 2. d3 d5 3. Qe2 Nf6 4. Nf3 Be7 5. g3 O-O 6. Bg2 c5 7. e5 Ne8 8. c4 Nc7
9. O-O b5 10. Nbd2 Nc6 11. Rd1 a5 12. h4 bxc4 13. dxc4 Ba6 14. b3 a4 15. Bb2
Rb8 16. Ne4 d4 17. Rd3 Bb7 18. Ba3 Na6 19. Nfg5 h6 20. Qh5 hxg5 21. f4 g4 22.
Ng5 Bxg5 23. hxg5 Ne7 24. Bxb7 Rxb7 25. Re1 axb3 26. Kf2 Re8 27. axb3 Qa5 28.
f5 Nxf5 29. Rh1 Kf8 30. Bc1 Qa2+ 31. Ke1 Qc2 0-1

[Event "I Festival A"]
[Site "Lido degli Estensi - Comacchio ITA"]
[Date "2000.05.29"]
[Round "3"]
[White "Godena, Michele"]
[Black "Mrdja, Milan"]
[Result "0-1"]
[WhiteElo "2487"]
[BlackElo "2425"]
[PlyCount "76"]
[EventDate "2000.05.27"]

1. e4 c5 2. Nf3 d6 3. Bc4 Nf6 4. d3 e6 5. Bb3 Nc6 6. c3 Be7 7. O-O O-O 8. Re1
e5 9. Bg5 h6 10. Bxf6 Bxf6 11. Nbd2 g6 12. Nf1 Bg7 13. Ne3 Kh7 14. h4 Kh8 15.
h5 gxh5 16. g3 Bg4 17. Nxg4 hxg4 18. Nh4 Qg5 19. Nf5 Rad8 20. Kg2 d5 21. Bxd5
Rxd5 22. Nxg7 Rd6 23. Nf5 Rg6 24. Qc1 Qxc1 25. Raxc1 Rd8 26. Rh1 Kh7 27. Rh4
Rxd3 28. Rch1 Rd2 29. Nxh6 Kg7 30. Nf5+ Kf6 31. Rh8 Ne7 32. R1h5 Nxf5 33. exf5
Rg5 34. R8h6+ Kxf5 35. Rh7 Rxh5 36. Rxh5+ Ke6 37. Rh6+ f6 38. b3 Rxa2 0-1

[Event "I Festival A"]
[Site "Lido degli Estensi - Comacchio ITA"]
[Date "2000.05.29"]
[Round "3"]
[White "Marchini, Massimo"]
[Black "Renier, Renzo"]
[Result "1-0"]
[WhiteElo "2187"]
[BlackElo "1917"]
[PlyCount "88"]
[EventDate "2000.05.27"]

1. c4 Nf6 2. Nf3 e6 3. g3 c5 4. Bg2 Nc6 5. O-O Be7 6. d4 d5 7. Nc3 O-O 8. cxd5
Nxd5 9. e4 Nxc3 10. bxc3 Qa5 11. Qb3 cxd4 12. cxd4 Qb4 13. Rb1 b6 14. Be3 Ba6
15. Rfc1 Qxb3 16. Rxb3 Rac8 17. Rbc3 Na5 18. Rc7 Ba3 19. R1c2 Bd6 20. R7c3 Rxc3
21. Rxc3 Rc8 22. Rxc8+ Bxc8 23. Nd2 Ba6 24. Bf1 Bxf1 25. Kxf1 Kf8 26. Ke2 Ke7
27. Nb1 Kd7 28. Kd3 Kc6 29. Nc3 Bb4 30. d5+ exd5 31. Nxd5 Bd6 32. Bd4 Bf8 33.
Ne3 Nb7 34. Nc4 f6 35. h4 Nc5+ 36. Ke3 Ne6 37. Bb2 Bc5+ 38. Ke2 Nd4+ 39. Kd3
Nf3 40. Ke2 Nd4+ 41. Kd3 Ne6 42. Ne3 Bxe3 43. Kxe3 Kc5 44. f4 Nf8 1-0

[Event "I Festival A"]
[Site "Lido degli Estensi - Comacchio ITA"]
[Date "2000.05.29"]
[Round "3"]
[White "Martinovic, Slobodan"]
[Black "Barbieri, Giovanni"]
[Result "1-0"]
[WhiteElo "2448"]
[BlackElo "2103"]
[PlyCount "93"]
[EventDate "2000.05.27"]

1. Nf3 Nf6 2. g3 g6 3. Bg2 Bg7 4. d4 d6 5. O-O O-O 6. Re1 Nbd7 7. e4 e5 8. Nc3
c6 9. a4 Qc7 10. h3 Re8 11. Be3 b6 12. Qd2 Bb7 13. Rad1 Rad8 14. Bg5 Nf8 15.
Qc1 Ne6 16. Be3 Qb8 17. Kh2 c5 18. d5 Nd4 19. Nd2 Ba6 20. Bf1 Bxf1 21. Rxf1 b5
22. axb5 Nxb5 23. Nxb5 Qxb5 24. b3 Nh5 25. Nc4 Qd7 26. f3 f5 27. Bg5 f4 28. g4
Ng3 29. Rfe1 Rb8 30. Kg2 Rf8 31. Qd2 Bf6 32. Bxf6 Rxf6 33. Ra1 h5 34. g5 Rf7
35. Ra6 Qd8 36. h4 Rd7 37. Rea1 Rbb7 38. Rc6 Qb8 39. Qd3 a5 40. Rxa5 Ra7 41.
Rca6 Qb4 42. Qd2 Qxd2+ 43. Nxd2 Rxa6 44. Rxa6 Ne2 45. Nc4 Nd4 46. Nxd6 Nxc2 47.
Nc4 1-0

[Event "I Festival A"]
[Site "Lido degli Estensi - Comacchio ITA"]
[Date "2000.05.29"]
[Round "3"]
[White "Mauro, Alan"]
[Black "Djuric, Stefan"]
[Result "0-1"]
[WhiteElo "2231"]
[BlackElo "2491"]
[PlyCount "108"]
[EventDate "2000.05.27"]

1. Nf3 Nf6 2. b3 d6 3. d4 Bg4 4. e3 c6 5. Be2 Qa5+ 6. c3 e5 7. O-O Nbd7 8. Nfd2
Bxe2 9. Qxe2 d5 10. e4 O-O-O 11. exd5 Qxd5 12. Nf3 exd4 13. Nxd4 Bc5 14. Be3
Rhe8 15. Nd2 Ne5 16. h3 Ng6 17. Qf3 Nh4 18. Qxd5 Nxd5 19. Bg5 Be7 20. Bxe7 Rxe7
21. c4 Nf4 22. N2f3 Nfxg2 23. Nf5 Nxf3+ 24. Kxg2 Re5 25. Ne3 Nd2 26. Rg1 f5 27.
Rad1 f4 28. Ng4 Ra5 29. Rge1 Rxa2 30. Re7 f3+ 31. Kh2 h5 32. Ne5 Nxc4 33. Rxd8+
Kxd8 34. Rd7+ Ke8 35. bxc4 Rxf2+ 36. Kg3 Re2 37. Rxb7 Rxe5 38. Rxg7 Rf5 39. Kf2
a5 40. Rc7 Rc5 41. Kxf3 Rxc4 42. Rh7 h4 43. Ke3 Kd8 44. Kd3 Rf4 45. Ke3 Rb4 46.
Kd3 Rb3+ 47. Kc4 Rxh3 48. Kc5 a4 49. Kxc6 a3 50. Kd5 a2 51. Ra7 Rd3+ 52. Ke4
Rd2 53. Ke3 Rb2 54. Kf3 h3 0-1

[Event "I Festival A"]
[Site "Lido degli Estensi - Comacchio ITA"]
[Date "2000.05.29"]
[Round "3"]
[White "Pegoraro, Nicola"]
[Black "Davies, Nigel R."]
[Result "1/2-1/2"]
[WhiteElo "2060"]
[BlackElo "2497"]
[PlyCount "89"]
[EventDate "2000.05.27"]

1. e4 c5 2. Nf3 e6 3. d4 cxd4 4. Nxd4 a6 5. c4 Nf6 6. Nc3 Qc7 7. Be2 Bb4 8. O-O
Nc6 9. Nxc6 dxc6 10. Qb3 Bd6 11. f4 e5 12. f5 Bc5+ 13. Kh1 Bd4 14. Bf3 O-O 15.
Bg5 Nd7 16. Qc2 f6 17. Bh4 b5 18. Ne2 Bb7 19. Bf2 Bxf2 20. Rxf2 b4 21. Rd1 Nc5
22. Nc1 Rad8 23. Rfd2 g6 24. g4 Kg7 25. Nd3 Nxd3 26. Rxd3 c5 27. Rxd8 Rxd8 28.
Rxd8 Qxd8 29. Kg2 Qd4 30. Kg3 Qe3 31. h3 a5 32. Kg2 Bc6 33. Qf2 Qd4 34. Qxd4
exd4 35. fxg6 hxg6 36. h4 Bd7 37. Kg3 Be6 38. Be2 g5 39. h5 Bg8 40. b3 Kf7 41.
Bd3 Bh7 42. Kf3 Ke6 43. Kg3 Ke5 44. Kf3 Bg8 45. Kg3 1/2-1/2